Coordination of large-scale multiagent systems (Record no. 6832)
[ view plain ]
| 000 -LEADER | |
|---|---|
| fixed length control field | 01083 a2200217 4500 |
| 020 ## - INTERNATIONAL STANDARD BOOK NUMBER | |
| International Standard Book Number | 0387261931 |
| 040 ## - CATALOGING SOURCE | |
| Original cataloging agency | DLC |
| Language of cataloging | DLC |
| 082 ## - DEWEY DECIMAL CLASSIFICATION NUMBER | |
| Classification number | - |
| 245 00 - TITLE STATEMENT | |
| Title | Coordination of large-scale multiagent systems |
| Statement of responsibility, etc. | Paul Scerri, Regis Vincent, Roger Mailler |
| 260 ## - PUBLICATION, DISTRIBUTION, ETC. | |
| Place of publication, distribution, etc. | New York : |
| Name of publisher, distributor, etc. | Springer, |
| Date of publication, distribution, etc. | 2006. |
| 300 ## - PHYSICAL DESCRIPTION | |
| Extent | 347 p. : |
| Other physical details | ill. ; |
| Dimensions | 25 cm. |
| 520 1# - SUMMARY, ETC. | |
| Summary, etc. | "Coordination of Large-Scale Multiagent Systems provides extensive coverage of the latest research and novel solutions being developed in the field. It describes specific systems, such as SERSE and WIZER, as well as general approaches based on game theory, optimization and other more theoretical frameworks."--BK JACKET. |
| 650 #0 - SUBJECT ADDED ENTRY--TOPICAL TERM | |
| Topical term or geographic name entry element | Intelligent agents (Computer software) |
| 650 #0 - SUBJECT ADDED ENTRY--TOPICAL TERM | |
| Topical term or geographic name entry element | Electronic data processing |
| General subdivision | Distributed processing. |
| 9 (RLIN) | 55832 |
| 650 #0 - SUBJECT ADDED ENTRY--TOPICAL TERM | |
| Topical term or geographic name entry element | Distributed artificial intelligence. |
| 9 (RLIN) | 82051 |
| 700 1# - ADDED ENTRY--PERSONAL NAME | |
| Personal name | Scerri, Paul, |
| Dates associated with a name | 1974- |
| 9 (RLIN) | 93345 |
| 700 1# - ADDED ENTRY--PERSONAL NAME | |
| Personal name | Vincent, R�egis. |
| 9 (RLIN) | 93346 |
| 700 1# - ADDED ENTRY--PERSONAL NAME | |
| Personal name | Mailler, Roger, |
| Dates associated with a name | 1971- |
| 9 (RLIN) | 93347 |
| 856 ## - ELECTRONIC LOCATION AND ACCESS | |
| Uniform Resource Identifier | <a href="http://10.250.8.41:8080/xmlui/handle/123456789/29233">http://10.250.8.41:8080/xmlui/handle/123456789/29233</a> |
| 942 ## - ADDED ENTRY ELEMENTS (KOHA) | |
| Koha item type | Book |
| Call number prefix | 006.3 SCE |
| Source of classification or shelving scheme | |
| Withdrawn status | Lost status | Damaged status | Not for loan | Collection code | Permanent Location | Current Location | Shelving location | Date acquired | Source of acquisition | Cost, normal purchase price | Total Checkouts | Full call number | Barcode | Date last seen | Price effective from | Koha item type |
|---|---|---|---|---|---|---|---|---|---|---|---|---|---|---|---|---|
| Central Library (CL) | Central Library (CL) | First Floor - Artificial Intelligence/Data Mining | 03/30/2006 | A&J DEF Tek Consultant | 4772.61 | 006.3 SCE | SEECS007186 | 11/14/2012 | 01/05/2017 | Book |
